00722 a2200193 4500010001400000020001000014035001300024037001800037082000800055090001500063100001600078245009000094260004400184270010100228300003100329942002300360999001500383952013000398 aENG-85551 c70.00 aEN-69084 bD.B.Act / ven14a485 c2949d29491 aAppuraj, B.1 aAn easy guide to english grammarcby Zahida Zaidibinnovative with Tamil explanations aArakkonambThannmathy Pathippagamc2005 aD2/6, Ramco Staff Quarters, WinterpetbArakkonam (Tamil Nadu)e631005k04177-226601, 09443800276 aV.1 (169 p.)c21 cm (Pbk.) adplcENk485 / APP c2892d2892 00102ddc40718NFICaDBADbDBADeDBAD/PUBg70.00l0o485 APPpEN-69084r2008-09-15 00:00:00t1u3081v70.00w2008-09-15yEN